000 00604 a2200253 4500
001 105104
020 _a0329238280
020 _a0865058806
020 _a086505892X (pbk.)
041 _apor
090 _aP Year 2 598
092 _a98030911
100 _aKalman, Bobbie
250 _a. ed.
300 _a32 p.
490 _aThe science of living things
697 _aBirds
830 _aThe science of living things
856 _u000007/0000072a.jpg
040 _aBR-BrIDEA
_cBR-BrIDEA
245 1 0 _aWhat is a bird?
_c Bobbie Kalman
260 _a[S.l.]
_bCrabtree
_c1999
942 _cBK
999 _c105104
_d105104